<?xml version="1.0" encoding="UTF-8"?>
<marc:record xmlns:marc="http://www.loc.gov/MARC21/slim">
   <marc:leader>00000nam a2200000 a 4500</marc:leader>
   <marc:datafield ind1="1" ind2=" " tag="100">
      <marc:subfield code="a">Geraghty, Ciara</marc:subfield>
      <marc:subfield code="4">aut</marc:subfield>
      <marc:subfield code="e">Verfasser/-in</marc:subfield>
   </marc:datafield>
   <marc:datafield ind1=" " ind2=" " tag="653">
      <marc:subfield code="a">Freundschaft</marc:subfield>
   </marc:datafield>
   <marc:datafield ind1=" " ind2=" " tag="653">
      <marc:subfield code="a">Gesellschaftsroman</marc:subfield>
   </marc:datafield>
   <marc:datafield ind1=" " ind2=" " tag="653">
      <marc:subfield code="a">Reise</marc:subfield>
   </marc:datafield>
   <marc:datafield ind1=" " ind2=" " tag="653">
      <marc:subfield code="a">Abschied</marc:subfield>
   </marc:datafield>
   <marc:datafield ind1="0" ind2="0" tag="245">
      <marc:subfield code="a">Das Leben ist zu kurz für irgendwann</marc:subfield>
   </marc:datafield>
   <marc:datafield ind1="0" ind2="0" tag="245">
      <marc:subfield code="b">Roman</marc:subfield>
   </marc:datafield>
   <marc:datafield ind1=" " ind2="1" tag="264">
      <marc:subfield code="b">Random House</marc:subfield>
      <marc:subfield code="c">2021</marc:subfield>
   </marc:datafield>
   <marc:datafield ind1="1" ind2=" " tag="520">
      <marc:subfield code="a">Terry und Iris sind beste Freundinnen und würden durchs Feuer füreinander gehen. Aber Iris ist krank. So krank, dass sie sich heimlich entschließt, ihr Leben in der Schweiz zu beenden, solange sie es noch kann. Als Terry feststellt, dass Iris auf dem Weg dorthin ist, zögert sie keine Sekunde. Mit ihrem betagten Dad im Auto holt sie Iris gerade noch am Hafen von Dublin ein. Die drei begeben sich auf eine abenteuerliche Reise durch England und Frankreich, und was die schlimmsten Tage in Terrys Leben hätten werden können, werden ihre besten. Denn durch Iris entdeckt sie ungeahnte Seiten an sich – und dass es ein Geschenk ist, unser Leben zu leben, jeden Tag und bis zum letzten Tag.</marc:subfield>
   </marc:datafield>
   <marc:datafield ind1=" " ind2=" " tag="020">
      <marc:subfield code="a">9783442315550</marc:subfield>
      <marc:subfield code="9">9783442315550</marc:subfield>
   </marc:datafield>
</marc:record>
